Schaum's outline of operations research / (Record no. 30313)

000 -LEADER
fixed length control field 00603 a2200181 4500
020 ## - INTERNATIONAL STANDARD BOOK NUMBER
International Standard Book Number 9780070080201
020 ## - INTERNATIONAL STANDARD BOOK NUMBER
International Standard Book Number 9780070080201
082 ## - DEWEY DECIMAL CLASSIFICATION NUMBER
Classification number 003
090 ## - LOCALLY ASSIGNED LC-TYPE CALL NUMBER (OCLC); LOCAL CALL NUMBER (RLIN)
-- 1705
-- 1705
100 1# - MAIN ENTRY--PERSONAL NAME
Personal name Bronson, Richard.
245 10 - TITLE STATEMENT
Title Schaum's outline of operations research /
Statement of responsibility, etc. Richard Bronson, Govindasami Naadimuthu.
250 ## - EDITION STATEMENT
Edition statement 2nd ed.
260 ## - PUBLICATION, DISTRIBUTION, ETC.
Place of publication, distribution, etc. [S.l.] :
Name of publisher, distributor, etc. McGraw-Hill,
Date of publication, distribution, etc. 1997.
300 ## - PHYSICAL DESCRIPTION
Extent 456 p. ;
Dimensions 28 cm.
700 1# - ADDED ENTRY--PERSONAL NAME
Personal name Naadimuthu, Govindasami.
942 ## - ADDED ENTRY ELEMENTS (KOHA)
Institution code [OBSOLETE] SNS
Koha item type Book
Call number prefix 003 BRO
Holdings
Withdrawn status Lost status Damaged status Not for loan Permanent Location Current Location Date acquired Total Checkouts Full call number Barcode Date last seen Date last checked out Price effective from Koha item type
        School of Natural Sciences (SNS) School of Natural Sciences (SNS) 05/26/2016 2 003 BRO SNS0001906 01/09/2019 12/14/2018 05/26/2016 Book
© 2023 Central Library, National University of Sciences and Technology. All Rights Reserved.